000 00658nam a22001817a 4500
005 20251108165457.0
008 250721s1961 xx 000 0 ara d
082 1 4 _aم/398.9/ي
100 1 _aاليمني، أبو عبد الله محمد بن حسين بن عمر
245 1 0 _aكتاب مضاهاة أمثال كليلة و دمنة بما أشبهها من أشعار العرب /
264 1 _aبيروت :
_bدار الثقافة،
_c1961.
300 _a229ص
490 0 _aسلسلة المخطوطات العربية ؛ 4
650 1 7 _aالأمثال
700 1 _aنجم، محمد يوسف
_eتحقيق
942 _2ddc
_cREF
999 _c28857
_d28857